Fumes and cymbals

Gorde:
Xehetasun bibliografikoak
Egile nagusia: OKEKWE, Promise Ogochukwu
Formatua: Liburua
Hizkuntza:ingelesa
Argitaratua: : Oracle Books 2002
Etiketak: Etiketa erantsi
Etiketarik gabe, Izan zaitez lehena erregistro honi etiketa jartzen!

MARC

LEADER 00000nam a22000007a 4500
008 201217b ||||| |||| 00| 0 eng d
020 |a ISBN: 978-80110-9-8 
100 |a OKEKWE, Promise Ogochukwu 
245 |a Fumes and cymbals  |c Promise Ogochukwu Okekwe  |g . 446p. 
260 |b : Oracle Books  |c  2002  |h Lagos:  |i 684616   |l PR9387.9 .Qk2  |m English literature 
942 |a lcc  |c BK  |e Olagoke,M A  |f 17/12/2020 
952 |0 0  |1 0  |2 lcc  |4 0  |6 PR93879 Q K2  |7 0  |9 670  |a HOL  |b HOL  |c QZ  |d 2020-12-17  |l 0  |o PR9387.9 .Qk2  |p 2020-22987  |r 2020-12-17 00:00:00  |w 2020-12-17  |y BK 
999 |c 370  |d 370